[Event "Olympiad Women 2024"]
[Site "Budapest HUN"]
[Date "2024.09.18"]
[Round "7.52"]
[White "Portelli, Martina"]
[Black "Durrfeld, Sofie Bech"]
[Result "0-1"]
[WhiteElo "1523"]
[BlackElo "1937"]
[TimeControl "5400/40+30:1800+30\""]
[EventDate "2024.09.11"]
[Board "4"]
[WhiteFideId "5601851"]
[BlackFideId "1451324"]
[WhiteTeam "Malta"]
[BlackTeam "Denmark"]

1. e4 c5 2. c3 Nf6 3. e5 Nd5 4. d4 cxd4 5. cxd4 g6 6. Nf3 Bg7 7. Bc4 Nb6 8.
Bb3 d6 9. O-O Nc6 10. exd6 Qxd6 11. Be3 O-O 12. Nc3 Bg4 13. h3 Bxf3 14.
Qxf3 Nxd4 15. Qxb7 Nxb3 16. axb3 Rfb8 17. Qf3 Qf6 18. Qe4 Qe5 19. Qf3 Qe6
20. b4 Nc4 21. Rfe1 Qf6 22. Qxf6 Bxf6 23. Nd5 Rb7 24. Nxf6+ exf6 25. Bd4 f5
26. Ra6 Rd7 27. Bc3 Nb6 28. Ra5 Nd5 29. Kf1 Rc8 30. Rd1 Ne3+ 31. fxe3 Rxd1+
32. Ke2 Rd7 33. Bd4 Kf8 34. Bxa7 Rc2+ 35. Kf3 Rdd2 36. Bc5+ Ke8 37. e4
fxe4+ 38. Kxe4 Rxb2 39. Ra8+ Rd8 40. Ra7 Re2+ 41. Kf3 Re5 42. Kf4 Re6 43.
Kg5 Rd7 44. Ra8+ Rd8 45. Ra7 Rd2 46. Ra8+ Kd7 47. Ra7+ Kc6 48. Rxf7 Rxg2+
49. Kh6 Rg3 50. Kxh7 Rxh3+ 51. Kg7 g5 52. Rf1 g4 53. Rg1 g3 54. Rg2 Kb5 55.
Kf7 Ra6 0-1

[Event "Olympiad Women 2024"]
[Site "Budapest HUN"]
[Date "2024.09.18"]
[Round "7.53"]
[White "Smith, Olivia"]
[Black "Strade, Arita"]
[Result "1-0"]
[WhiteElo "2087"]
[BlackElo "1946"]
[TimeControl "5400/40+30:1800+30\""]
[EventDate "2024.09.11"]
[Board "1"]
[WhiteFideId "411850"]
[BlackFideId "11603437"]
[WhiteTeam "Wales"]
[BlackTeam "Guernsey"]

1. e4 c5 2. Nf3 d6 3. Bb5+ Bd7 4. a4 g6 5. O-O Bg7 6. Re1 Nc6 7. c3 Ne5 8.
d3 a6 9. Bxd7+ Qxd7 10. Nxe5 dxe5 11. Be3 Rc8 12. Na3 e6 13. Nc4 Qc7 14. b4
cxb4 15. cxb4 Ne7 16. Rc1 Qb8 17. Bc5 Rd8 18. b5 axb5 19. axb5 Bf8 20. Qb3
f6 21. d4 exd4 22. e5 fxe5 23. Nxe5 Rd5 24. Ng4 Kf7 25. Bxd4 Rxd4 26. Qxe6+
Kg7 27. Qf6+ 1-0

[Event "Olympiad Women 2024"]
[Site "Budapest HUN"]
[Date "2024.09.18"]
[Round "7.53"]
[White "Nevska, Gerda"]
[Black "Camp, Imogen A L"]
[Result "0-1"]
[WhiteElo "1892"]
[BlackElo "1923"]
[TimeControl "5400/40+30:1800+30\""]
[EventDate "2024.09.11"]
[Board "2"]
[WhiteFideId "10700366"]
[BlackFideId "1802240"]
[WhiteTeam "Guernsey"]
[BlackTeam "Wales"]

1. d4 d5 2. c4 e6 3. cxd5 exd5 4. Nc3 Nf6 5. Nf3 c6 6. Bg5 Be7 7. e3 h6 8.
Bh4 Bf5 9. Bd3 Bxd3 10. Qxd3 Nbd7 11. O-O O-O 12. Rae1 Re8 13. Nd2 Ne4 14.
Bxe7 Qxe7 15. f3 Nxd2 16. Qxd2 Qg5 17. Qf2 f5 18. h4 Qg6 19. Ne2 Nf8 20.
Nf4 Qd6 21. h5 Re7 22. Qh4 Rae8 23. Kf2 c5 24. Nd3 c4 25. Ne5 b5 26. a3 a5
27. e4 dxe4 28. Rd1 Qb6 29. Kg3 e3 30. Rfe1 Ne6 31. Ng6 f4+ 32. Nxf4 Qd6
33. d5 Nc5 34. Kh3 Re5 35. Re2 Nd7 36. g4 Nf6 37. Qg3 Qc5 38. Ne6 R8xe6 39.
dxe6 Nxh5 40. Rd8+ Kh7 41. Qh2 Nf6 42. f4 Rh5+ 43. gxh5 Qxh5+ 0-1

[Event "Olympiad Women 2024"]
[Site "Budapest HUN"]
[Date "2024.09.18"]
[Round "7.53"]
[White "Smith, Lynda"]
[Black "Denning, Julie L"]
[Result "1-0"]
[WhiteElo "1831"]
[BlackElo "1741"]
[TimeControl "5400/40+30:1800+30\""]
[EventDate "2024.09.11"]
[Board "3"]
[WhiteFideId "1800191"]
[BlackFideId "10700129"]
[WhiteTeam "Wales"]
[BlackTeam "Guernsey"]

1. e4 e5 2. Nf3 Nc6 3. Bb5 a6 4. Bxc6 dxc6 5. d4 exd4 6. Qxd4 Qxd4 7. Nxd4
Bd7 8. Be3 Ne7 9. Nd2 O-O-O 10. f3 g6 11. N2b3 Bg7 12. c3 f5 13. Nc5 Rhe8
14. Nde6 Bxc3+ 15. bxc3 Bxe6 16. Nxe6 Rd6 17. Nc5 fxe4 18. Nxe4 Re6 19. Kf2
Nd5 20. c4 Nb6 21. Bxb6 cxb6 22. Rad1 Kc7 23. Rhe1 Re5 24. Ng5 Rxe1 25.
Rxe1 Rxe1 26. Kxe1 h5 27. Kd2 b5 28. cxb5 axb5 29. Ne6+ Kd6 30. Nf4 c5 31.
Nxg6 b4 32. g4 hxg4 33. fxg4 c4 34. h4 Kd5 35. Kc2 Ke6 36. h5 Kf6 37. Nf4
1-0

[Event "Olympiad Women 2024"]
[Site "Budapest HUN"]
[Date "2024.09.18"]
[Round "7.54"]
[White "Laamim, Roaa"]
[Black "Fuad Kamel Jamaliah, Natalie"]
[Result "1-0"]
[WhiteElo "1879"]
[BlackElo "2003"]
[TimeControl "5400/40+30:1800+30\""]
[EventDate "2024.09.11"]
[Board "1"]
[WhiteFideId "9016333"]
[BlackFideId "724190"]
[WhiteTeam "Morocco"]
[BlackTeam "Jordan"]

1. e4 c5 2. c3 d5 3. exd5 Qxd5 4. d4 e6 5. Na3 cxd4 6. Nb5 Qe4+ 7. Qe2
Qxe2+ 8. Nxe2 Na6 9. Nexd4 Bd7 10. Bf4 Nf6 11. Nd6+ Bxd6 12. Bxd6 Rc8 13.
Nb5 Bxb5 14. Bxb5+ Nd7 15. O-O-O Nc7 16. Bxc7 Rxc7 17. Rxd7 Rc5 18. Rc7+
Rxb5 19. Rc8+ 1-0

[Event "Olympiad Women 2024"]
[Site "Budapest HUN"]
[Date "2024.09.18"]
[Round "7.54"]
[White "Serina, Arafat"]
[Black "Chemaou, Lilya"]
[Result "0-1"]
[WhiteElo "1552"]
[BlackElo "1565"]
[TimeControl "5400/40+30:1800+30\""]
[EventDate "2024.09.11"]
[Board "2"]
[WhiteFideId "8115362"]
[BlackFideId "9015078"]
[WhiteTeam "Jordan"]
[BlackTeam "Morocco"]

1. d4 Nf6 2. Nf3 g6 3. Bg5 Bg7 4. e3 O-O 5. Bd3 d6 6. Nbd2 c5 7. c3 Nc6 8.
Rc1 Rb8 9. Bb1 b5 10. Qc2 b4 11. dxc5 dxc5 12. cxb4 Nxb4 13. Qxc5 Be6 14.
O-O Nxa2 15. Bxa2 Bxa2 16. Rcd1 Qb6 17. Qxe7 Rb7 18. Qa3 Qxb2 19. Qxb2 Rxb2
20. Bxf6 Bxf6 21. Ne4 Be7 22. Rd7 Ba3 23. Rxa7 Bc4 24. Rc1 Ra2 25. Rd1 Rb8
26. Nc3 Bb3 27. Nxa2 Bxd1 28. Rxa3 Rb1 29. Ra8+ Kg7 30. h3 Bxf3+ 31. Kh2
Bxa8 32. Nc3 Rc1 33. Ne2 Rc2 34. Nf4 Rxf2 35. Kg3 Ra2 36. h4 Ra3 37. Kf2 h5
38. Ke2 Ra2+ 39. Kd3 Bxg2 40. Nxg2 Rxg2 41. Ke4 g5 42. hxg5 Rxg5 43. Kf4 f6
44. e4 h4 45. e5 h3 46. e6 h2 47. e7 Kf7 48. e8=Q+ Kxe8 49. Ke3 h1=Q 50.
Kf2 Qg2+ 0-1

[Event "Olympiad Women 2024"]
[Site "Budapest HUN"]
[Date "2024.09.18"]
[Round "7.54"]
[White "El Harrak, Maryam"]
[Black "Boshra, Alshaeby"]
[Result "0-1"]
[WhiteElo "1639"]
[BlackElo "1939"]
[TimeControl "5400/40+30:1800+30\""]
[EventDate "2024.09.11"]
[Board "3"]
[WhiteFideId "9016210"]
[BlackFideId "8102937"]
[WhiteTeam "Morocco"]
[BlackTeam "Jordan"]

1. d4 Nf6 2. c4 e6 3. Nc3 Bb4 4. Nf3 Bxc3+ 5. bxc3 O-O 6. Bg5 h6 7. Bh4 d6
8. e3 Qe7 9. Bd3 e5 10. e4 Nc6 11. O-O Bg4 12. d5 Na5 13. Re1 g5 14. Bg3 b6
15. Qd2 Bxf3 16. gxf3 Nh5 17. Be2 Qf6 18. Kg2 Kh8 19. Rf1 Rg8 20. Rg1 Rg7
21. Kh1 Rag8 22. Rg2 Nb7 23. Rag1 Nc5 24. Qe3 Rg6 25. h3 Nf4 26. Rh2 Qd8
27. Qd2 R8g7 28. Rf1 Kg8 29. h4 Qd7 30. h5 Rf6 31. Rg1 Qa4 32. Bxf4 Rxf4
33. Ra1 Qa3 34. Qc2 g4 35. fxg4 Nxe4 36. Bd3 Qxc3 37. Qxc3 Nxc3 38. a4 a5
39. Rc1 Rfxg4 40. f3 Rg3 41. Bc2 0-1

[Event "Olympiad Women 2024"]
[Site "Budapest HUN"]
[Date "2024.09.18"]
[Round "7.54"]
[White "Ruba, Al-Qudah"]
[Black "El Barbry, Sarah"]
[Result "1-0"]
[WhiteElo "1937"]
[BlackElo "1862"]
[TimeControl "5400/40+30:1800+30\""]
[EventDate "2024.09.11"]
[Board "4"]
[WhiteFideId "8114595"]
[BlackFideId "26051419"]
[WhiteTeam "Jordan"]
[BlackTeam "Morocco"]

1. e4 e5 2. Bc4 Nf6 3. d3 c6 4. Nf3 d5 5. exd5 cxd5 6. Bb3 Bd6 7. O-O O-O
8. Nc3 e4 9. dxe4 dxe4 10. Ng5 h6 11. Ngxe4 Nxe4 12. Nxe4 Bxh2+ 13. Kxh2
Qh4+ 14. Kg1 Qxe4 15. Re1 Qh4 16. Qf3 Nc6 17. Bxf7+ Kh8 18. Qh5 Qf6 19. Re8
Rxe8 20. Bxe8 Ne5 21. Bb5 Bg4 22. Qh2 Rd8 23. Be3 Rd5 24. c4 Rd8 25. Bxa7
b6 26. Bxb6 Nd3 27. Bxd8 Qxb2 28. Rf1 Be2 29. Qb8 Kh7 30. c5 Nxc5 31. Bd3+
Nxd3 32. Qxb2 Nxb2 33. Rb1 Na4 34. Rb4 Nc5 35. a4 Kg6 36. Be7 Na6 37. Re4
Bd3 38. Rd4 Be2 39. f3 Nc7 40. Kf2 Ba6 41. Bd8 Ne8 42. Re4 Kf7 43. Re7+ Kf8
44. Ra7 Bc4 45. a5 Kg8 46. a6 Nd6 47. Rd7 Bxa6 48. Rxd6 Bc8 49. Bf6 Kf7 50.
Bc3 g6 51. Rf6+ 1-0

[Event "Olympiad Women 2024"]
[Site "Budapest HUN"]
[Date "2024.09.18"]
[Round "7.55"]
[White "Karelina, Polina"]
[Black "Marape, Naledi"]
[Result "0-1"]
[WhiteElo "1898"]
[BlackElo "1926"]
[TimeControl "5400/40+30:1800+30\""]
[EventDate "2024.09.11"]
[Board "1"]
[WhiteFideId "10400222"]
[BlackFideId "11310880"]
[WhiteTeam "Bahamas"]
[BlackTeam "Botswana"]

1. e4 c5 2. Nf3 d6 3. d4 cxd4 4. Nxd4 Nf6 5. Nc3 a6 6. f4 Nbd7 7. a4 g6 8.
Be3 Bg7 9. Bc4 Qc7 10. Bb3 Nc5 11. O-O Ncxe4 12. Nxe4 Nxe4 13. f5 Nf6 14.
Qd2 O-O 15. Kh1 d5 16. Bf4 Qc5 17. Be5 Ne4 18. Qf4 g5 19. Qg4 Bxe5 20. h4
Qxd4 21. Rf3 Nf2+ 0-1

[Event "Olympiad Women 2024"]
[Site "Budapest HUN"]
[Date "2024.09.18"]
[Round "7.55"]
[White "Banda, Natalie Katlo"]
[Black "Thomas, Nelissa"]
[Result "1-0"]
[WhiteElo "1893"]
[BlackElo "1631"]
[TimeControl "5400/40+30:1800+30\""]
[EventDate "2024.09.11"]
[Board "2"]
[WhiteFideId "11315075"]
[BlackFideId "10400494"]
[WhiteTeam "Botswana"]
[BlackTeam "Bahamas"]

1. d4 d5 2. Nf3 e6 3. e3 f5 4. Ne5 Nf6 5. Nd2 Bd6 6. Ndf3 Ne4 7. a3 O-O 8.
c4 c6 9. c5 Bc7 10. Bd3 Nd7 11. b4 Qf6 12. Nxd7 Bxd7 13. g3 Be8 14. Bb2 Qh6
15. Ne5 Bxe5 16. dxe5 g5 17. O-O g4 18. Bxe4 dxe4 19. Qb3 Bf7 20. b5 Be8
21. a4 Qg6 22. Rfd1 Rf7 23. Rd6 Re7 24. Rad1 Qf7 25. Rd8 Rxd8 26. Rxd8 Rd7
27. Ra8 cxb5 28. axb5 Rc7 29. Bd4 Qd7 30. Rxa7 Qd5 31. Qxd5 exd5 32. c6
Bxc6 33. bxc6 Rxc6 34. Rxb7 Re6 35. Rd7 h6 36. Rxd5 Kf7 37. Rd6 Ke7 38.
Rxe6+ Kxe6 39. Kf1 Kd5 40. Ke2 1-0

[Event "Olympiad Women 2024"]
[Site "Budapest HUN"]
[Date "2024.09.18"]
[Round "7.55"]
[White "Johnson, Daijah"]
[Black "Mosweu, Atlang Amolemo"]
[Result "0-1"]
[WhiteElo "1624"]
[BlackElo "1797"]
[TimeControl "5400/40+30:1800+30\""]
[EventDate "2024.09.11"]
[Board "3"]
[WhiteFideId "10400591"]
[BlackFideId "11314907"]
[WhiteTeam "Bahamas"]
[BlackTeam "Botswana"]

1. d4 d5 2. c4 e6 3. Nc3 Nf6 4. Bg5 Be7 5. Nf3 c6 6. cxd5 exd5 7. Bxf6 Bxf6
8. e3 O-O 9. h3 Nd7 10. Bd3 Be7 11. O-O f5 12. Qc2 g6 13. Rac1 Kg7 14. Ne2
Bd6 15. Nf4 Nf6 16. Ne1 Qe7 17. g3 Ne4 18. Ne2 Kh8 19. Ng2 Ng5 20. Nef4 Qg7
21. Qe2 Ne4 22. Bxe4 fxe4 23. h4 g5 24. hxg5 Qxg5 25. Qh5 Qg7 26. Qe2 Bg4
27. Qe1 Bf3 28. Ne6 Qh6 29. Nh4 Qxe6 30. Nxf3 exf3 0-1

[Event "Olympiad Women 2024"]
[Site "Budapest HUN"]
[Date "2024.09.18"]
[Round "7.56"]
[White "Quevedo, Andreina"]
[Black "Cadeau, Merisena"]
[Result "1-0"]
[WhiteElo "1851"]
[BlackElo "1671"]
[TimeControl "5400/40+30:1800+30\""]
[EventDate "2024.09.11"]
[Board "1"]
[WhiteFideId "3004147"]
[BlackFideId "11900733"]
[WhiteTeam "Uruguay"]
[BlackTeam "Haiti"]

1. e4 c5 2. Nf3 Nc6 3. Bb5 g6 4. Bxc6 bxc6 5. O-O Bg7 6. Re1 d5 7. d3 e6 8.
c3 Qb6 9. Nbd2 Ba6 10. Qc2 Nf6 11. Nf1 O-O 12. h3 Rfd8 13. e5 Nd7 14. Bg5
Re8 15. N1h2 f5 16. exf6 Nxf6 17. Ne5 Bc8 18. Nhf3 Nd7 19. Nxd7 Bxd7 20.
Ne5 Qc7 21. Bf4 Qd8 22. Qd2 Qe7 23. Qe3 Bxe5 24. Bxe5 Rf8 25. Qg3 Rf5 26.
Bd6 Qf7 27. Bxc5 a6 28. a4 Re8 29. Bd4 Qe7 30. Be5 Qg5 31. Qxg5 Rxg5 32. g4
Rxe5 33. Rxe5 c5 34. Kg2 Rb8 35. Re2 a5 36. Kg3 Rb3 37. Ra3 Rb8 38. Kf4 Kf7
39. h4 h6 40. Ra1 Rb3 41. Ke5 Ke7 42. Ra2 Rb8 43. Kf4 Kd6 44. Ra1 Rf8+ 45.
Kg3 Rb8 46. f4 Rg8 47. b3 Rb8 48. Rb2 Be8 49. Rab1 Kc7 50. b4 cxb4 51. cxb4
Bxa4 52. bxa5 Rxb2 53. Rxb2 Kc8 54. a6 Bc6 55. a7 Bb7 56. Rb6 1-0

[Event "Olympiad Women 2024"]
[Site "Budapest HUN"]
[Date "2024.09.18"]
[Round "7.56"]
[White "Jonet, Davena"]
[Black "Silva Rosas, Natalia"]
[Result "0-1"]
[WhiteElo "1659"]
[BlackElo "1868"]
[TimeControl "5400/40+30:1800+30\""]
[EventDate "2024.09.11"]
[Board "2"]
[WhiteFideId "11900636"]
[BlackFideId "3000575"]
[WhiteTeam "Haiti"]
[BlackTeam "Uruguay"]

1. d4 f5 2. Bf4 Nf6 3. e3 e6 4. Nf3 b6 5. Be2 Bb7 6. Nbd2 Bd6 7. Bxd6 cxd6
8. c3 d5 9. O-O O-O 10. c4 dxc4 11. Bxc4 Nc6 12. Re1 Ne4 13. Nxe4 fxe4 14.
Nd2 d5 15. Be2 Qg5 16. f4 Qf6 17. Rf1 Rac8 18. a3 Ne7 19. Qb3 Nf5 20. Rad1
Qh4 21. g4 Nh6 22. g5 Nf5 23. Rf2 Qh3 24. Nf1 Nh4 25. Ng3 e5 26. dxe5 Kh8
27. Qa4 a5 28. Qb3 h6 29. gxh6 gxh6 30. Qxb6 Bc6 31. Qxa5 Rg8 32. Kh1 Rxg3
33. Bg4 Qxg4 34. Qd2 Nf3 35. Qe2 Rg1+ 0-1

[Event "Olympiad Women 2024"]
[Site "Budapest HUN"]
[Date "2024.09.18"]
[Round "7.56"]
[White "Cardozo, Camila"]
[Black "Dunat, Kineberlie"]
[Result "1-0"]
[WhiteElo "1673"]
[BlackElo "1582"]
[TimeControl "5400/40+30:1800+30\""]
[EventDate "2024.09.11"]
[Board "3"]
[WhiteFideId "3004457"]
[BlackFideId "11900814"]
[WhiteTeam "Uruguay"]
[BlackTeam "Haiti"]

1. d4 d5 2. Bf4 Nf6 3. e3 Bf5 4. c4 e6 5. Nc3 Bb4 6. Qb3 Nc6 7. Nf3 Qe7 8.
a3 Bxc3+ 9. bxc3 Rb8 10. Be2 h6 11. h3 O-O 12. cxd5 Nxd5 13. Bg3 Na5 14.
Qb5 b6 15. Qb2 b5 16. Nd2 Nf6 17. Qb4 Qxb4 18. axb4 Nc6 19. Bxc7 Rb7 20.
Bg3 Rc8 21. O-O Ne4 22. Nxe4 Bxe4 23. Rfc1 Ra8 24. f3 Bd5 25. e4 Bb3 26.
Rcb1 Ba4 27. Bd1 Bxd1 28. Rxd1 Rd8 29. d5 exd5 30. exd5 Ne7 31. d6 Nf5 32.
Bh2 Ne3 33. Rd3 Nc4 34. Ra6 Rdd7 35. Rc6 f6 36. Rc7 Nxd6 37. Rxb7 Rxb7 38.
Rxd6 Kf7 39. Kf2 Ke7 40. Rd5 Ke6 41. Rc5 Kf7 42. Rc7+ Rxc7 43. Bxc7 Ke6 44.
Ke3 Kd5 45. Kd3 f5 46. g4 Ke6 47. f4 g6 48. gxf5+ Kxf5 49. Kd4 g5 50. fxg5
Kxg5 51. Bd8+ Kf5 52. Kc5 Ke6 53. Kxb5 Kd7 54. Bf6 Kc7 55. Ka6 Kb8 56. c4
Ka8 57. c5 h5 58. c6 h4 59. Kb5 Kb8 60. Be5+ Ka8 61. c7 Kb7 62. Kc5 Kc8 63.
Kd6 a6 64. Bf6 a5 65. bxa5 1-0

[Event "Olympiad Women 2024"]
[Site "Budapest HUN"]
[Date "2024.09.18"]
[Round "7.56"]
[White "Belgarde, Roudena"]
[Black "Altesor, Caterina"]
[Result "1/2-1/2"]
[WhiteElo "1540"]
[BlackElo "1741"]
[TimeControl "5400/40+30:1800+30\""]
[EventDate "2024.09.11"]
[Board "4"]
[WhiteFideId "11900695"]
[BlackFideId "3017613"]
[WhiteTeam "Haiti"]
[BlackTeam "Uruguay"]

1. e4 e5 2. Nf3 Nc6 3. Bc4 Bc5 4. d3 d6 5. h3 h6 6. Nc3 Nf6 7. Na4 Bb6 8.
Nxb6 axb6 9. a3 O-O 10. O-O Be6 11. Ba2 Bxa2 12. Rxa2 b5 13. Be3 b4 14. Qa1
bxa3 15. Rxa3 Nb4 16. Rc1 Re8 17. Bd2 Na6 18. c4 Nc5 19. Ne1 Nb3 20. Rxa8
Qxa8 21. Qxa8 Rxa8 22. Rd1 Nd7 23. Bc3 Ndc5 24. Nc2 Kf8 25. f3 Ke8 26. d4
Na4 27. Be1 exd4 28. Nb4 Kd7 29. Bf2 c6 30. Rd3 Nac5 31. Rd1 Ra4 32. Nc2
Rxc4 33. Nxd4 Nxd4 34. Bxd4 Ne6 35. Be5 f6 36. Bxd6 Rd4 37. Rxd4 Nxd4 38.
Bf8 Ne6 39. Bb4 c5 40. Bc3 c4 41. Kf2 b5 42. Ke3 Kc6 43. Bb4 Nc7 44. Kf4 g6
45. Bc3 Ne8 46. Bb4 Nc7 47. Bc3 Ne8 48. Kg4 Kc5 49. Bd2 h5+ 50. Kf4 Nc7 51.
g4 Ne6+ 52. Ke3 hxg4 53. hxg4 b4 54. f4 Nc7 55. f5 gxf5 56. exf5 Nd5+ 57.
Ke4 c3 58. bxc3 bxc3 59. Bc1 Kc4 60. g5 fxg5 61. Bxg5 c2 62. Ke5 Kc5 63.
Bc1 Kc6 64. Ke6 Kc5 1/2-1/2

[Event "Olympiad Women 2024"]
[Site "Budapest HUN"]
[Date "2024.09.18"]
[Round "7.57"]
[White "Shipindo, Rauha"]
[Black "Bwalya Mulwale, Lubuuto"]
[Result "0-1"]
[WhiteElo "1681"]
[BlackElo "1852"]
[TimeControl "5400/40+30:1800+30\""]
[EventDate "2024.09.11"]
[Board "1"]
[WhiteFideId "15200493"]
[BlackFideId "8706964"]
[WhiteTeam "Namibia"]
[BlackTeam "Zambia"]

1. e4 c6 2. Nc3 d5 3. Nf3 dxe4 4. Nxe4 Nd7 5. Bc4 Ngf6 6. Qe2 e6 7. d4 Nxe4
8. Qxe4 Nf6 9. Qe2 Bd6 10. O-O Qc7 11. Bd2 O-O 12. Bg5 Be7 13. c3 Rd8 14.
Rad1 Bd7 15. Ne5 b5 16. Bb3 Be8 17. Rfe1 a5 18. a4 c5 19. axb5 cxd4 20. c4
h6 21. Bf4 Bb4 22. Rf1 a4 23. Bc2 a3 24. bxa3 Rxa3 25. Ra1 Rxa1 26. Rxa1
Bc3 27. Ra6 Qb7 28. Bd3 Rc8 29. Qa2 Nh5 30. Bd2 Bxd2 31. Qxd2 Qb8 32. Nf3
e5 33. g3 Bd7 34. Qe2 Re8 35. Be4 Nf6 36. Ra8 Qc7 37. Rxe8+ Bxe8 38. Bd3
Nd7 39. Nxd4 Nc5 40. Nf3 f6 41. Bc2 Bf7 42. Nd2 Ne6 43. Nb3 Nd8 44. Bd3 Nb7
45. Qc2 Kf8 46. Kf1 Ke7 47. Ke2 f5 48. Bxf5 Qxc4+ 49. Qd3 Qxd3+ 50. Bxd3
Bxb3 51. Ke3 Nd6 52. b6 Bd5 53. Ba6 Kf6 54. h4 Kf5 55. f3 Kf6 56. Kf2 Ke6
57. g4 g5 58. hxg5 hxg5 59. Ke2 Kd7 60. Ke3 Kc6 61. b7 Nxb7 62. Be2 Kc5 63.
Kd3 Nd6 64. Kc3 Bc4 65. Bd1 Nb5+ 66. Kd2 Kd4 67. Bc2 Nc3 68. Bh7 Be2 69.
Be4 Nxe4+ 70. Kxe2 Nf6 71. Kd2 Nd5 72. Ke2 Kc3 73. Ke1 Kd3 74. Kf2 Nf4 75.
Kg3 Ke3 76. Kh2 Kxf3 77. Kg1 e4 78. Kf1 e3 79. Ke1 Ng2+ 80. Kf1 e2+ 81. Kg1
e1=Q+ 82. Kh2 Nh4 0-1

[Event "Olympiad Women 2024"]
[Site "Budapest HUN"]
[Date "2024.09.18"]
[Round "7.57"]
[White "Likando, Namakau"]
[Black "Beukes, Jamie-Nicole"]
[Result "1/2-1/2"]
[WhiteElo "1746"]
[BlackElo "1735"]
[TimeControl "5400/40+30:1800+30\""]
[EventDate "2024.09.11"]
[Board "2"]
[WhiteFideId "8714029"]
[BlackFideId "15200906"]
[WhiteTeam "Zambia"]
[BlackTeam "Namibia"]

1. e4 c5 2. Nf3 e6 3. d4 cxd4 4. Nxd4 a6 5. Bc4 Nf6 6. Qe2 Bc5 7. Nb3 Ba7
8. Bg5 d6 9. Nc3 b5 10. Bd3 Nc6 11. a3 Bb7 12. O-O O-O 13. Kh1 Rc8 14. f4
h6 15. Bh4 Bb8 16. Rad1 Kh8 17. e5 dxe5 18. fxe5 Bxe5 19. Bxb5 Qc7 20. Bd3
Ne7 21. Bxf6 Bxf6 22. Na4 Rfd8 23. Nac5 Bd5 24. Bxa6 Rb8 25. c4 Bc6 26. a4
Bxa4 27. Rxd8+ Qxd8 28. Nxa4 Rxb3 29. Bb5 Qd4 30. Rd1 Qe3 31. Qxe3 Rxe3 32.
c5 Bxb2 33. g3 Be5 34. Rd8+ Kh7 35. Rd7 Bf6 36. c6 Re1+ 37. Kg2 Rc1 38. c7
g6 39. Ba6 Kg7 40. Rxe7 Bxe7 41. c8=Q Rxc8 42. Bxc8 Kf6 43. Nc3 Ke5 44. Bd7
f5 45. Be8 g5 46. Ne2 Ke4 47. Bd7 e5 48. Nc3+ Kd4 49. Nd1 f4 50. gxf4 gxf4
51. Kf3 Bd6 52. Bf5 Be7 53. h3 h5 54. Nf2 Bh4 55. Ne4 Be7 56. Bg6 h4 57.
Nf2 Bd8 58. Ng4 Bg5 59. Bf5 Kd5 60. Nf2 Kd4 61. Ne4 Be7 62. Nd2 Kd5 63. Nb3
Bd8 64. Bg6 Bc7 65. Bf7+ Kd6 66. Ke4 Bd8 67. Nd2 Bf6 68. Nc4+ Ke7 69. Bd5
Kf8 70. Nxe5 Bxe5 71. Kxe5 Kg7 72. Kxf4 Kh6 73. Kg4 Kg6 74. Kxh4 Kh6 75.
Kg4 Kg6 76. h4 Kh6 77. Be4 Kg7 78. Kg5 Kh8 1/2-1/2

[Event "Olympiad Women 2024"]
[Site "Budapest HUN"]
[Date "2024.09.18"]
[Round "7.57"]
[White "Nepando, Jolly"]
[Black "Mbatha, Constance"]
[Result "0-1"]
[WhiteElo "1646"]
[BlackElo "1799"]
[TimeControl "5400/40+30:1800+30\""]
[EventDate "2024.09.11"]
[Board "3"]
[WhiteFideId "15200485"]
[BlackFideId "8700591"]
[WhiteTeam "Namibia"]
[BlackTeam "Zambia"]

1. e4 e5 2. Nf3 Nc6 3. Bb5 Nf6 4. Nc3 d6 5. d4 Bd7 6. Bg5 Be7 7. Bxc6 Bxc6
8. dxe5 Nxe4 9. Bxe7 Qxe7 10. Nd5 Qd8 11. Qd4 Nc5 12. exd6 Ne6 13. Nxc7+
Qxc7 14. dxc7 Nxd4 15. Nxd4 Kd7 16. Nxc6 Rhe8+ 17. Kd2 Kxc6 18. Rad1 Kxc7
19. Rhe1 g6 20. Re3 Rad8+ 21. Rd3 f5 22. Rxd8 Rxd8+ 23. Ke2 Re8+ 24. Kf3 h6
25. h3 Re4 26. g4 g5 27. Rd5 Rf4+ 28. Kg3 fxg4 29. hxg4 Rf6 30. Rd3 a6 31.
Rf3 Rd6 32. b3 b5 33. a3 Kb6 34. b4 Rc6 35. c3 Rd6 36. Re3 Rf6 37. Re4 Rc6
38. Re3 Rf6 39. f3 Kc6 40. Re5 Kb6 41. Rc5 Rd6 42. Rf5 Rc6 43. Rc5 Rxc5 44.
bxc5+ Kxc5 45. f4 gxf4+ 46. Kxf4 Kc4 47. Kf5 Kxc3 48. Kg6 Kb3 49. Kxh6 Kxa3
50. g5 b4 51. g6 b3 52. g7 b2 53. g8=Q b1=Q 54. Qg3+ Ka4 55. Qg4+ Ka5 56.
Qg5+ Qb5 57. Qd2+ Kb6 58. Qd8+ Ka7 59. Qe7+ Qb7 60. Qxb7+ Kxb7 61. Kg5 a5
62. Kf4 a4 63. Ke3 a3 0-1

[Event "Olympiad Women 2024"]
[Site "Budapest HUN"]
[Date "2024.09.18"]
[Round "7.57"]
[White "Mwale, Naomi"]
[Black "Van Wyk, Keisha C"]
[Result "1-0"]
[WhiteElo "1767"]
[BlackElo "1599"]
[TimeControl "5400/40+30:1800+30\""]
[EventDate "2024.09.11"]
[Board "4"]
[WhiteFideId "8703299"]
[BlackFideId "15200574"]
[WhiteTeam "Zambia"]
[BlackTeam "Namibia"]

1. e4 c5 2. Nf3 d6 3. Nc3 a6 4. a4 e5 5. d3 Nf6 6. Bg5 Be6 7. Be2 Be7 8.
O-O Nbd7 9. h3 d5 10. Bxf6 Nxf6 11. Nxe5 Qc7 12. Nf3 d4 13. Nb1 h6 14. Nh2
Bd6 15. Ng4 Nh5 16. e5 Be7 17. f4 Ng3 18. Rf3 Nf5 19. c4 h5 20. Nh2 g5 21.
Qd2 Rg8 22. Rf2 h4 23. Bg4 Ne3 24. f5 Bc8 25. e6 Nxg4 26. exf7+ Kxf7 27.
Nxg4 Bd6 28. Nh6+ Kf8 29. Nxg8 Bf4 30. Qe2 Be3 31. Nh6 Bd7 32. Kh1 Qg3 33.
Rf3 Qd6 34. f6 Bc6 35. Na3 Re8 36. Raf1 Bf4 37. Qd1 Bxf3 38. Qxf3 Qd7 39.
Qh5 Re3 40. Ng4 Re2 41. Qh8+ Kf7 42. Qg7+ Ke6 43. Qxd7+ Kxd7 44. f7 Ke7 45.
Nh6 g4 46. Nxg4 1-0

[Event "Olympiad Women 2024"]
[Site "Budapest HUN"]
[Date "2024.09.18"]
[Round "7.58"]
[White "Ollet, Myra"]
[Black "Viana, Valeria"]
[Result "0-1"]
[WhiteElo "1658"]
[BlackElo "1882"]
[TimeControl "5400/40+30:1800+30\""]
[EventDate "2024.09.11"]
[Board "1"]
[WhiteFideId "31000517"]
[BlackFideId "8407100"]
[WhiteTeam "Guam"]
[BlackTeam "Honduras"]

1. d4 Nf6 2. Bf4 d5 3. e3 c5 4. Nc3 a6 5. Nf3 Nc6 6. Be2 Bg4 7. Ne5 Bxe2 8.
Nxe2 e6 9. c3 Qb6 10. Rb1 Be7 11. h3 O-O 12. Bg5 Qc7 13. f4 Ne4 14. Bxe7
Qxe7 15. Nf3 b5 16. O-O Na5 17. Qe1 Nc4 18. Nc1 Rfb8 19. Nd3 b4 20. cxb4
cxb4 21. Nde5 Rc8 22. Nxc4 Rxc4 23. Nd2 Rc2 24. Nxe4 dxe4 25. Rf2 Rac8 26.
Rxc2 Rxc2 27. Qd1 Qc7 28. Qf1 Qc6 29. Kh2 g6 30. h4 a5 31. Kh3 h5 32. g4
hxg4+ 33. Kxg4 Qd5 0-1